Dos estudios de historia jurd̕ica sobre la forma y el tiempo

Detalles Bibliográficos
Autor principal: ℓlvarez Cora, Enrique
Formato: eBook
Lenguaje:español
Publicado: Madrid: Dykinson, 2018
Materias:
Acceso en línea:Acceso restringido

MARC

LEADER 00000nam a22000007a 4500
005 20181228194934.0
007 cr|||| ||||
008 181228s2018 es |||||s|||| 00||0 spa d
020 |a 978-84-9148-854-5 
035 |a 22634 
040 |a vLex 
090 |c 8394  |d 8394 
100 1 |a ℓlvarez Cora, Enrique 
245 1 0 |a Dos estudios de historia jurd̕ica sobre la forma y el tiempo  |h [Recurso electrn̤ico] /  |c Enrique ℓlvarez Cora 
256 |a Servicio en ln̕ea 
260 |a Madrid:  |b Dykinson,  |c 2018 
300 |a 1 recurso electrn̤ico 
500 |a Este libro recoge dos estudios histr̤ico-jurd̕icos que reflexionan sobre la doctrina jurd̕ica europea de la Edad Moderna. En el primero, se analiza la forma de las disposiciones jurd̕icas (acto, costumbre y uso, juicio y sentencia, ius commune, ley y estatuto, privilegio) a partir de los lugares paralelos localizados en los brocardos o mx̀imas jurd̕icas que forman parte de la construccin̤ de los esmerados n̕dices de las obras (comentarios, tratados, resoluciones, consejos, etc.) de la literatura jurd̕ica del siglo XVI, as ̕como de las frecuentes antinomias que brindan variaciones y alternativas continuas en el desarrollo de la argumentacin̤ jurd̕ica. En el segundo, con una amplia lectura de la literatura jurd̕ica europea entre los siglos XVI y XVIII, se examina la teora̕ del acto jurd̕ico desde su dimensin̤ temporal, en el m̀bito del Derecho criminal, con la finalidad de la comprensin̤ de los efectos de la frecuencia de los actos, de la formacin̤ de la costumbre de delinquir, de la reiteracin̤ del acto delictivo, sus formas y el contraste de la continuidad delictiva. 
506 1 |a Disponible solo en los productos indicados  |d vLex Global  |d vLex Global (Academic Edition, excluding Law Schools)  |d vLex Global (U.S. Academic Edition, Law Schools)  |d vLex Global (U.S. Academic Edition, excluding Law Schools)  |d vLex Global (Academic Edition, Law Schools) 
650 0 4 |a Derecho Militar  |z Espaą 
740 0 |a vLex Libros (Servicio en ln̕ea) 
856 4 0 |u http://vlex.com/source/dos-estudios-de-historia-juridica-sobre-la-forma-y-el-tiempo-22634  |z Acceso restringido 
942 |c BOOK 
999 0 |a Military Law